Бюллетень № 9 Информационной части секретариата Управления делами Совнаркома Украины

Доступно только в Электронных читальных залах Найти на картеНа карте
RUSMARC
00003957nac2a22002773x 450
001d207b494-0560-45a3-874c-246ff269d951
00520220112175017.0
100##$a20211217l1923 k y0rusy50 ca
1010#$arus
102##$aRU
105##$ay z |||||
1220#$ad19231115
2001#$aБюллетень № 9 Информационной части секретариата Управления делами Совнаркома Украины
$j15 ноября 1923
215##$a27 листов
251##$cДело
300##$aЗаголовок дела на папке отсутствует
300##$aНа папке дела дата не указана
300##$aМашинописный текст
330##$aВходит в раздел описи: 1923 г.. Секретариат Президиума ЦИК СССР
461#0$1001796d4672-8a00-4986-b488-6e42273792cc
$12001
$aЦЕНТРАЛЬНЫЙ ИСПОЛНИТЕЛЬНЫЙ КОМИТЕТ СССР (ЦИК СССР)
$1251
$cФонд
$1852
$j3316
$gР
462#0$10011cce310e-0954-4fdc-88db-4979285f4890
$12001
$aФинансовое Управление ЦИК СССР. 1923-1930 гг.
$vД. 53
$1251
$cОпись
$1852
$j16
$gа
60101$3RU\NLR\AUTH\880357276
$aСССР
$bЦИК
60102$aУправление делами Совнаркома Украины. Информационная часть секретариата управления
801#0$aRU
$bGA_RF
801#1$aRU
$bГлавНИВЦ
$c20211217
$2rusmarc
801#2$aRU
$bПБ им. Б.Н. Ельцина
$c20220112
$gRCR
$2rusmarc
852##$aГА РФ
$j53
937##$d172455921
$hГАРФ
035##$aRuPRLIB51063809
856##$uhttp://readingroom.main.prlib.ru/item.aspx?id_node=n172455921&mode=full
Формат отображения